00657nam a2200181Ia 4500008004100000020001800041041000800059082001500067100002400082245006300106260003300169300000800202365001600210700002400226906003600250999001900286952017000305230718s9999 xx 000 0 und d a9788184950786 aeng a662.6bTHI aThipse S.S.9148128 aAlternative FuelsbConcepts, Technologies And Developments c2010bJaico Publishing House a507 cRs.b495.00 aThipse S.S.9148128 dB:783622-Apr-2011cMECHb123.75 c327722d327722 00104070aCCEPbCCEPd2011-06-03eTechnical Book ServicesfMECHg371.25i7836l0o662.6pCCEP-BK-38929r2023-07-18 00:00:00t123.75v495.00w2011-04-22yBKz038929